Irrigation Practice And Design Arch ,Buttress ,Earth And Rockfill Dams (Record no. 397)

MARC details
000 -LEADER
fixed length control field 00362nam a22001457a 4500
020 ## - INTERNATIONAL STANDARD BOOK NUMBER
International Standard Book Number 81-204-0254-5
041 ## - LANGUAGE CODE
Language code of text/sound track or separate title ENG
100 ## - MAIN ENTRY--PERSONAL NAME
Personal name Khushalani .K.B
245 ## - TITLE STATEMENT
Title Irrigation Practice And Design Arch ,Buttress ,Earth And Rockfill Dams
260 ## - PUBLICATION, DISTRIBUTION, ETC. (IMPRINT)
Place of publication, distribution, etc Delhi
Name of publisher, distributor, etc Oxford & ibh PUB
Date of publication, distribution, etc 1998
300 ## - PHYSICAL DESCRIPTION
Extent 330
650 ## - SUBJECT ADDED ENTRY--TOPICAL TERM
Topical term or geographic name as entry element IDE
700 ## - ADDED ENTRY--PERSONAL NAME
Personal name Khushalani .M
856 ## - ELECTRONIC LOCATION AND ACCESS
Uniform Resource Identifier IDE
Holdings
Withdrawn status Lost status Source of classification or shelving scheme Damaged status Not for loan Home library Current library Shelving location Date acquired Total Checkouts Barcode Date last seen Price effective from Koha item type
    Dewey Decimal Classification     College of Agricultural Engineering and Technology, Dapoli , Library College of Agricultural Engineering and Technology, Dapoli , Library Book Cart 25/08/2021   000621 25/08/2021 25/08/2021 Books

Contact Us: College of Agricultural Engineering and Technology, Dapoli, Dist.- Ratnagiri
Website: https://dbskkv.org Email: caetlibrary2015@gmail.com